Land vs. Land #164 - Statistiken

Allgemein
  • Dieses Quiz wurde 17 mal gespielt
  • Das Durchschnittsergebnis liegt bei 11 aus 14
Antwortstatistiken
Frage Antwort % Korrekt
...Fläche? Brasilien🇧🇷
100%
...Einwohner? Brasilien🇧🇷
100%
...Bruttoinlandsprodukt? Brasilien🇧🇷
100%
...Militär? Brasilien🇧🇷
100%
...Tourismus? Brasilien🇧🇷
100%
...Exportmengen? Brasilien🇧🇷
100%
...Frieden? Bhutan🇧🇹
93%
...Gewinner? Brasilien🇧🇷
80%
...durchschnittlicher IQ? Bhutan🇧🇹
67%
...Bruttoinlandsprodukt pro Kopf? Brasilien🇧🇷
53%
...HDI (Human Development Index)? Brasilien🇧🇷
47%
...Gesundheitswesen? Brasilien🇧🇷
47%
...Happy Planet Index? Brasilien🇧🇷
33%
...Lebenserwartung? Brasilien🇧🇷
33%
Keine übereinstimmenden Quizze gefunden
Verteilung der Resultate
Anzahl Personen mit jedem Resultat
Perzentil nach korrekt beantworteten Fragen
Ihre Resultats-Entwicklung
Sie haben dieses Quiz noch nicht gespielt